[Event "Montigny le Bretonneux op 22nd"]
[Site "Montigny le Bretonneux"]
[Date "2018.05.13"]
[Round "8"]
[White "Montay, Jean Paul"]
[Black "Sondermeijer, Damien"]
[Result "1/2-1/2"]
[WhiteElo "1391"]
[BlackElo "1414"]
[PlyCount "77"]
[EventDate "2018.05.10"]
[EventType "swiss"]
[EventRounds "9"]
[EventCountry "FRA"]
[SourceTitle "CBM 184 Extra"]
[Source "ChessBase"]
[SourceDate "2018.06.28"]
[SourceVersion "1"]
[SourceVersionDate "2018.06.28"]
[SourceQuality "1"]

1. c4 c6 2. Nc3 Nf6 3. Nf3 g6 4. g3 Bg7 5. d4 d5 6. c5 0-0 7. Bg2 Nbd7 8. 0-0 Re8 9. Be3 e5 10. dxe5 Nxe5 11. Bd4 Ned7 12. Re1 b6 13. b4 Bf8 14. Na4 bxc5 15. Nxc5 Nxc5 16. bxc5 Nd7 17. Qa4 Qc7 18. Rac1 a5 19. Be3 Qa7 20. Qxc6 Rxe3 21. fxe3 Bxc5 22. Nd4 Bxd4 23. exd4 Qxd4+ 24. Kh1 Nb6 25. Qe8+ Kg7 26. Rf1 Be6 27. Qb5 Bd7 28. Qd3 Qxd3 29. exd3 Be6 30. Rc2 Rc8 31. Rfc1 d4 32. Rxc8 Nxc8 33. h4 Nd6 34. a4 Bb3 35. Rc5 Bxa4 36. Rxa5 Bc2 37. Bf1 Nf5 38. Kh2 Ne3 39. Be2 1/2-1/2

[Event "Montigny le Bretonneux op 22nd"]
[Site "Montigny le Bretonneux"]
[Date "2018.05.10"]
[Round "3"]
[White "Sondermeijer, Damien"]
[Black "Duval, Dominique"]
[Result "1-0"]
[WhiteElo "1414"]
[BlackElo "1704"]
[PlyCount "53"]
[EventDate "2018.05.10"]
[EventType "swiss"]
[EventRounds "9"]
[EventCountry "FRA"]
[SourceTitle "CBM 184 Extra"]
[Source "ChessBase"]
[SourceDate "2018.06.28"]
[SourceVersion "1"]
[SourceVersionDate "2018.06.28"]
[SourceQuality "1"]

1. e4 d5 2. exd5 Qxd5 3. Nc3 Qd6 4. Nf3 Nf6 5. d4 c6 6. Bd3 Bg4 7. Be3 e6 8. 0-0 Be7 9. a3 0-0 10. Be2 Nbd7 11. b4 Nb6 12. Qd2 Nbd5 13. Nxd5 Nxd5 14. c4 Nxe3 15. fxe3 Rad8 16. Qc2 Bf6 17. c5 Qc7 18. Bd3 h6 19. Nd2 Rd5 20. Ne4 Rh5 21. g3 Bg5 22. Nxg5 Rxg5 23. Rf4 h5 24. Qf2 e5 25. Re4 Rf5 26. Qb2 Re8 27. Rxg4 1-0

[Event "Montigny le Bretonneux op 21st"]
[Site "Montigny le Bretonneux"]
[Date "2017.05.27"]
[Round "4"]
[White "Montay, Jean Paul"]
[Black "Sondermeijer, Damien"]
[Result "0-1"]
[WhiteElo "1343"]
[BlackElo "1297"]
[PlyCount "58"]
[EventDate "2017.05.25"]
[EventType "swiss"]
[EventRounds "9"]
[EventCountry "FRA"]
[SourceTitle "EXT 2020"]
[Source "ChessBase"]
[SourceDate "2019.10.17"]
[SourceVersion "1"]
[SourceVersionDate "2019.10.17"]
[SourceQuality "1"]

1. c4 e5 2. Nc3 Nf6 3. g3 d5 4. e3 Nc6 5. cxd5 Nxd5 6. Nge2 Bg4 7. a3 Nxc3 8. bxc3 Be7 9. Bg2 Qd7 10. Rb1 Rb8 11. d3 0-0 12. h3 Bf5 13. e4 Be6 14. Bb2 Rfd8 15. d4 Bc4 16. 0-0 Bxe2 17. Qxe2 exd4 18. cxd4 Nxd4 19. Bxd4 Qxd4 20. Rfd1 Qa4 21. Rxd8+ Bxd8 22. Qd3 Be7 23. Rd1 Qxa3 24. Qxa3 Bxa3 25. e5 g6 26. Rd7 c5 27. Bxb7 c4 28. Bd5 c3 29. Rxa7 c2 0-1